000 00908nam a2200205 a 4500
001 000041819
005 20201002035755.0
008 131018s2000 sp 000 0 spa d
020 _a8400078713
040 _aDO-SdBNP
_bspa
_cBNPHU
082 _axxx
_bxxxx
100 1 _aOrtega, Pascual
_968693
245 1 0 _aMusulmanes en Cataluña :
_blas comunidades Musulmanas de las encomiendas templarias y hospitalarias de Ascó y Miravet (siglos XII-XIV) /
_cPascual Ortega; prólogo, Maria Teresa Ferrer Mallol.
260 _aBarcelona, :
_bConsejo Superior de Investigaciones Científicas
_bInstitución Milá y Fontanals,
_c2000.
300 _a192 p. ;
_c24 cm.
490 1 _aAnuario de estudios medievales
_aAnejo
_v39
500 _aIncluye notas y referencias bibliografícas al pie de página
700 1 _aFerrer Mallol, Maria Teresa
_eprol.
_967807
830 0 _aAnuario de estudios medievales
_pAnejo
_v39
_964050
999 _c41308
_d41308